Heights of sustainable development? : Seminar on the Management and Conservation of Highland Areas in Malaysia, Kuala Lumpur, 16th January, 1996

Bibliographic Details
Corporate Authors: SEMINAR on the Management and Conservation of Highland Areas in Malaysia, Universiti Teknologi Malaysia. Institute of Environmental Studies, World Wildlife Fund Malaysia
Format: Book
Published: [Johor Baharu, Johor] : IES , [1996?]
Subjects:

MARC

LEADER 00000cam a2200000 7i4500
001 0000001783
005 20011120.0
090 0 0 |a 333.73   |b SEM 1997 
110 1 0 |a SEMINAR on the Management and Conservation of Highland Areas in Malaysia   |k 1996   |j Kuala Lumpur 
245 1 0 |a Heights of sustainable development? :   |b Seminar on the Management and Conservation of Highland Areas in Malaysia, Kuala Lumpur, 16th January, 1996   |c organised by Institute of Environmental Studies, Universiti Teknologi Malaysia [and] WWF Malaysia 
260 0 0 |a [Johor Baharu, Johor] :   |b IES ,   |c [1996?] 
300 |a Various pagings :   |b ill. ;   |c 30 cm. 
500 0 0 |a Includes bibliographical references 
650 0 0 |a Conservation of natural resources   |z Malaysia   |x Congresses 
650 0 0 |a Environmental management   |z Malaysia   |x Congresses 
650 0 0 |a Mountains   |z Malaysia   |x Congresses 
710 1 1 |a Universiti Teknologi Malaysia. Institute of Environmental Studies 
710 1 1 |a World Wildlife Fund Malaysia 
998 |a JPSM 
999 |a 0000000643   |b Monograph   |c Open Shelf   |e Default branch 
999 |a 0000004916   |b Monograph   |c Open Shelf   |e Default branch